Capitales de l'Amérique du sud - Statistiques

Statistiques générales
  • Ce quiz a été pris 1 755 fois
    1 720 depuis la dernière actualisation
  • Le résultat moyen est 9 sur 12
Statistiques - réponses
Pays Capitale % Correct
Brésil Brasilia
97%
Argentine Buenos Aires
95%
Pérou Lima
86%
Colombie Bogotà
84%
Chili Santiago
82%
Uruguay Montevideo
77%
Bolivie La Paz
73%
Equateur Quito
72%
Venezuela Caracas
71%
Paraguay Asunción
58%
Guyana Georgetown
52%
Suriname Paramaribo
42%
Aucun quiz correspondant
Distribution des résultats
% des personnes avec chaque résultat
Percentile par nombre de réponses
Votre historique - résultats
Vous n’avez pas pris ce quiz depuis la dernière actualisation